000 01117pam a22003613a 4500
001 16399575
003 OSt
005 20140310182239.0
008 950911s1994 nyu j 000 1 eng
010 _a 98809125
020 _a0553562282 (pbk)
035 _a(OCoLC)ocm33043567
040 _aUKM
_cUKM
_dDLC
050 _aPZ 7
_b.W716s105 1994
082 _aFIC
_bW67sv #105
100 1 _aWilliam, Kate.
_918781
245 1 2 _aA date with a werewolf /
_cwritten by Kate William ; created by Francine Pascal.
260 _aNew York :
_bBantam Books,
_c1994.
300 _a195 p. ;
_c18 cm.
440 _aSweet valley high
_n#105
_918865
650 _aTwins
_xFiction
_918866
650 _aHigh Schools
_xFiction
_918867
650 _aSchools
_xFiction
_918868
653 0 _aEnglish fiction
653 0 _aUnited States
655 7 _aYoung adult fiction.
_2lcsh
_93735
700 1 _aPascal, Francine.
_93767
710 2 _aCopyright Paperback Collection (Library of Congress)
_5DLC
_9705
906 _a7
_bcbc
_ccopycat
_d2
_encip
_f19
_gy-genrareb
942 _2lcc
_cBK-FIC
999 _c11086
_d11086